| 000 | 00853nam a22002777a 4500 | ||
|---|---|---|---|
| 001 | 8838 | ||
| 003 | FISKH | ||
| 005 | 20260320085111.0 | ||
| 008 | 251022b cb ||||| |||| 00| 0 eng d | ||
| 020 | _a9780590411004 | ||
| 040 |
_aFISKH _beng _cFISKH _dFISKH |
||
| 050 | _aPZ8.L744 M | ||
| 082 | _a398.24527 | ||
| 100 |
_aLittledale, Freya _eAuthor |
||
| 245 |
_aThe magic fish / _cBy Freya Littledale ; picture by Winslow Pinney Pels |
||
| 260 |
_aNew York : _bScholastic , _c1967 |
||
| 300 |
_a32 pages : _bcolor illustrations ; _c21 cm |
||
| 505 | _aG | ||
| 520 | _aA greedy fisherman's wife is granted every wish but can't find happiness. | ||
| 521 | 8 |
_a400
_bLexile |
|
| 521 | 8 |
_aG
_bRaz-Plus |
|
| 650 |
_aFairy tales and fables _vFantasy |
||
| 700 |
_aPels, Winslow Pinney _eIllustrator |
||
| 942 |
_2ddc _cBK _n0 |
||
| 999 |
_c8838 _d8838 |
||